Normal view
MARC view
- Abdullah11, King of jordan 1962
Entry Personal Name
001 - CONTROL NUMBER
- control field: 1461
003 - CONTROL NUMBER IDENTIFIER
- control field: JO-AjAnu
005 - DATE AND TIME OF LATEST TRANSACTION
- control field: 20230606070537.0
008 - FIXED-LENGTH DATA ELEMENTS
- fixed length control field: 230606|| aca||aabn | a|a d
040 ## - CATALOGING SOURCE
- Original cataloging agency: JO-AjAnu
- Transcribing agency: JO-AjAnu
100 ## - HEADING--PERSONAL NAME
- Personal name: Abdullah11, King of jordan 1962
670 ## - SOURCE DATA FOUND
- Source citation: Work cat.: (JO-AjAnu)770: Abdullah11, King of jordan 1962, author, Our Last Best Chance: The Pursuit of Peace in a Time of Peril